| 000 | 00588nam a22001937a 4500 | ||
|---|---|---|---|
| 003 | OSt | ||
| 005 | 20250822031009.0 | ||
| 008 | 250822b |||||||| |||| 00| 0 eng d | ||
| 020 | _a0-07-249870-6 | ||
| 040 | _cOC | ||
| 082 | _aCirc. 658.007 C784b 2003 | ||
| 100 | _aCooper, D. | ||
| 245 | _aBusiness research methods | ||
| 260 |
_aBoston : _bMcGraw-Hill, _c c2002 |
||
| 300 |
_axix, 843 pages ; _c 25 cm. |
||
| 504 | _aIncludes index. | ||
| 700 | _aSchindler, Pamela S. | ||
| 942 |
_2ddc _cBK-CIRC _e8th edition _hCirc. 658.007 C784b 2003 _kCirc. _n0 |
||
| 999 |
_c4162 _d4162 |
||